| 000 | 00000nas 2200000zi 4500 |
| 001 | 9.940789 |
| 003 | CaOODSP |
| 005 | 20250520075931 |
| 006 | m o d f |
| 007 | cr cn |||||||| |
| 008 | 240719d20182023oncar p o f0### 0fre|d |
| 040 | |aCaOODSP|bfre|erda|cCaOODSP |
| 041 | |aeng|afre |
| 043 | |an-cn--- |
| 086 | 1 |aBC1-5-PDF |
| 110 | 2 |aSociété Radio-Canada.|eauteur, |eorganisme de publication. |
| 245 | 10|aRéalisations ... pour la mise en oeuvre de l'article 41 : |bpartie VII de la Loi sur les langues officielles (Loi) = ... achievements for the implementation of section 41 : Part VII of the Official Languages Act (Act). |
| 246 | 31|aAchievements for the implementation of section 41 : |bPart VII of the Official Languages Act (Act) |
| 264 | 1|a[Ottawa] : |b[CBC = Radio-Canada], |c[2018-2023] |
| 310 | |aAnnuel |
| 336 | |atexte|btxt|2rdacontent/fre |
| 337 | |ainformatique|bc|2rdamedia/fre |
| 338 | |aressource en ligne|bcr|2rdacarrier/fre |
| 362 | 1 |aParaît depuis : 2017/2018; ne paraît plus après : 2022/2023. |
| 500 | |a"Patrimoine canadien = Canadian Heritage." |
| 546 | |aTexte en français et en anglais sur deux colonnes. |
| 588 | |aDescription d'après : 2017/2018; titre de la page couverture du fichier PDF. |
| 588 | |aDernière livraison consultée : 2022/2023. |
| 610 | 26|aSociété Radio-Canada|vPériodiques. |
| 610 | 16|aCanada. |tLoi sur les langues officielles (1988)|vPériodiques. |
| 650 | 6|aBilinguisme|zCanada|vPériodiques. |
| 650 | 6|aPolitique linguistique|zCanada|vPériodiques. |
| 655 | 7|aPériodiques|2rvmgf |
| 710 | 1 |aCanada. |bPatrimoine canadien, |eorganisme de publication. |
| 785 | 00|tRapport annuel sur la mise en oeuvre de la partie VII de la Loi sur les langues officielles = |w(CaOODSP)9.951199 |
| 788 | |tRéalisations ... pour la mise en oeuvre de l'article 41 : |eeng|w(CaOODSP)9.940790 |